Crestomatía de la llenga catalana : (des del IXèn segle al XIXè) / recopilada e ordenada per Antoni Bulbena & Tosell (des del IXèn segle al XIXè) / recopilada e ordenada per Antoni Bulbena & Tosell
Descripción Física:
v. (305 p.) ; 22 cm
Otros Autores:
Bulbena i Tusell, Antoni
Materias:
Literatura catalana -- Antologies
MARC
| LEADER | 00000nam a2200000Ia 4500 | ||
|---|---|---|---|
| 001 | 19826 | ||
| 008 | 160829s1907 xx 000 0 cat d | ||
| 080 | |a R-12-89 | ||
| 245 | |a Crestomatía de la llenga catalana : |b (des del IXèn segle al XIXè) / recopilada e ordenada per Antoni Bulbena & Tosell | ||
| 260 | |a Barcelona : |b Biblioteca Clàssica Catalana, |c 1907 | ||
| 300 | |a v. (305 p.) ; |c 22 cm | ||
| 590 | |a Enquadernació en tela i dibuixos en colors, a la coberta | ||
| 650 | |a Literatura catalana |x Antologies |9 43790 | ||
| 700 | 1 | |a Bulbena i Tusell, Antoni |9 43791 | |
| 866 | |a Conté: vol. 1: Prosa | ||
| 901 | |a Arxiu | ||
| 942 | |n 1 | ||
| 952 | |0 0 |1 0 |4 0 |6 R1289 |7 1 |9 51622 |a Arxiu |b Arxiu |d 2016-12-01 |l 0 |o R-12-89 |p 19826 |r 2016-12-01 00:00:00 |w 2016-12-01 |y ARXIU | ||
| 999 | |c 55467 |d 55467 | ||